Welcome to CU Library Online Public Access Catalogue (OPAC)

PLAIN TALK ON JOHN (Record no. 7015)

MARC details
000 -LEADER
fixed length control field 00352nam a22001337a 4500
005 - DATE AND TIME OF LATEST TRANSACTION
control field 20250716172107.0
008 - FIXED-LENGTH DATA ELEMENTS--GENERAL INFORMATION
fixed length control field 250716b |||||||| |||| 00| 0 eng d
020 ## - INTERNATIONAL STANDARD BOOK NUMBER
International Standard Book Number 6911646
050 ## - LIBRARY OF CONGRESS CALL NUMBER
Classification number BS 2616
Item number GUT
245 ## - TITLE STATEMENT
Title PLAIN TALK ON JOHN
Statement of responsibility, etc. GUTZKE, MANFORD GEORGE
260 ## - PUBLICATION, DISTRIBUTION, ETC.
Place of publication, distribution, etc. MICHIGAN
Name of publisher, distributor, etc. ZONDERVAN PUBLISHING
Date of publication, distribution, etc. c1973
300 ## - PHYSICAL DESCRIPTION
Extent 212p.;
942 ## - ADDED ENTRY ELEMENTS (KOHA)
Source of classification or shelving scheme Library of Congress Classification
Koha item type Books
Suppress in OPAC No
999 ## -
-- 7015
-- 7015
Holdings
Withdrawn status Lost status Source of classification or shelving scheme Damaged status Not for loan Collection Home library Current library Shelving location Date acquired Total checkouts Full call number Barcode Date last seen Copy number Price effective from Koha item type
    Library of Congress Classification     Non-fiction Undergraduate Library (Christ Temple) Undergraduate Library (Christ Temple) General stacks 07/16/2025   BS 2616 GUT ulct00003911 07/16/2025 1 07/16/2025 Books
© 2023-2024 Copyright: Central University Libraries. All Rights Reserved | Created by: Mahone Tech Office